| 000 | 00704nam a22002057a 4500 | ||
|---|---|---|---|
| 005 | 20170731150519.0 | ||
| 010 | _aENG-119478 | ||
| 020 |
_c2200.00 _a9788176295841 |
||
| 035 | _aEN-103010 | ||
| 037 | _bDBAD/PUB | ||
| 082 | _a378 | ||
| 100 | _aGoel,Aruna | ||
| 245 |
_aOrganisation, administration and functions of higher education : _cby Aruna Goel [and] S.L. Goel _bexploring spirituality in Indian corporate / |
||
| 260 |
_aNew Delhi _bDeep and Deep Publications _c2011 |
||
| 270 |
_aF-159,Rajouri Garden _bNew Delhi _e110027 |
||
| 300 |
_axii,147p. _c22cm(Hb) |
||
| 500 | _aIncludes bibliographical references and index | ||
| 700 | _a Goel,S.L. | ||
| 942 |
_2ddc _cEN _mGOE _h378 |
||
| 999 |
_c143002 _d143002 |
||